000 00741nam a2200229Ia 4500
003 OSt
005 20240816142903.0
008 210716s2013 xx 000 0 und d
020 _a9788126520473
040 _cAIMIT LIBRARY
041 _aeng
082 _a374.22
_21
_bTRAB
100 _aTracy, Brian.
_9177428
245 _aGetting rich your own way :
_bachieve all your financial goals faster than you ever thought possible /
_cBy Brian Tracy.
250 _a1st ed.
260 _aNew Delhi :
_bWiley India Pvt Ltd ,
_c2013.
300 _axix,284p. ;
_bPB
_c23.9 cm
650 _aLearn how to become rich
_9177429
650 _aBecome a money magnet
_9177430
650 _aLead the field
_9177431
942 _2ddc
_cBK
_e1st
_k374.22 TRAB
999 _c208736
_d208736